Loading...
| Mythology | 0 | 11 | 0 | 2 | 110 | 60 | 101.64 | 3 | 8 | 0.00 | 0.00 |
| Fine Arts - Painting & Sculpture | 0 | 10 | 0 | 0 | 100 | 41 | 85.20 | 4 | 9 | 0.00 | 0.00 |
| History - Other | 0 | 9 | 0 | 1 | 90 | 69 | 98.89 | 1 | 7 | 0.00 | 0.00 |
| Religion | 0 | 9 | 0 | 1 | 90 | 70 | 99.56 | 4 | 7 | 0.00 | 0.00 |
| Literature - European | 0 | 9 | 0 | 0 | 90 | 64 | 97.11 | 2 | 7 | 0.00 | 0.00 |
| Other | 0 | 8 | 0 | 2 | 80 | 37 | 92.50 | 2 | 7 | 0.00 | 0.00 |
| Philosophy | 0 | 8 | 1 | 1 | 75 | 47 | 105.88 | 0 | 6 | 0.00 | 0.00 |
| History - World | 0 | 8 | 2 | 1 | 70 | 70 | 90.25 | 4 | 7 | 0.00 | 0.00 |
| Fine Arts - Other | 0 | 7 | 0 | 0 | 70 | 77 | 111.57 | 1 | 6 | 0.00 | 0.00 |
| Literature - British | 0 | 7 | 0 | 1 | 70 | 96 | 106.86 | 2 | 6 | 0.00 | 0.00 |
| History - European | 0 | 8 | 2 | 0 | 70 | 41 | 76.38 | 3 | 8 | 0.00 | 0.00 |
| Science - Biology | 0 | 7 | 0 | 2 | 70 | 88 | 110.29 | 1 | 2 | 0.00 | 0.00 |
| Fine Arts - Classical Music | 0 | 8 | 3 | 0 | 65 | 61 | 101.13 | 5 | 8 | 0.00 | 0.00 |
| Literature - American | 0 | 7 | 1 | 1 | 65 | 49 | 89.43 | 3 | 6 | 0.00 | 0.00 |
| Literature - World | 0 | 7 | 1 | 1 | 65 | 64 | 87.86 | 0 | 6 | 0.00 | 0.00 |
| Social Science | 0 | 6 | 1 | 1 | 55 | 70 | 103.83 | 2 | 5 | 0.00 | 0.00 |
| Science - Physics | 0 | 5 | 1 | 1 | 45 | 80 | 106.60 | 2 | 4 | 0.00 | 0.00 |
| History - American | 0 | 5 | 2 | 1 | 40 | 56 | 85.00 | 2 | 4 | 0.00 | 0.00 |
| Science - Chemistry | 0 | 4 | 0 | 0 | 40 | 89 | 110.00 | 0 | 4 | 0.00 | 0.00 |
| Science - Other | 0 | 1 | 0 | 0 | 10 | 116 | 116.00 | 1 | 1 | 0.00 | 0.00 |